[Event "Prague Summer op 1st"]
[Site "Prague"]
[Date "2014.08.10"]
[Round "2"]
[White "Karaoulanis, Dimitrios"]
[Black "Woellermann, Jan"]
[Result "0-1"]
[WhiteElo "1949"]
[BlackElo "2230"]
[PlyCount "82"]
[EventDate "2014.08.09"]
[EventType "swiss"]
[EventRounds "9"]
[EventCountry "CZE"]
[SourceTitle "CBM 162 Extra"]
[Source "ChessBase"]
[SourceDate "2014.10.17"]
[SourceVersion "1"]
[SourceVersionDate "2014.10.17"]
[SourceQuality "1"]

1. e4 e5 2. Nf3 Nc6 3. Bb5 a6 4. Ba4 Nf6 5. 0-0 Be7 6. Re1 b5 7. Bb3 d6 8. c3 0-0 9. h3 Nb8 10. d4 Nbd7 11. Nbd2 Bb7 12. Bc2 Re8 13. b3 Bf8 14. Bb2 g6 15. d5 c5 16. Nf1 Nh5 17. Bc1 Bg7 18. Bg5 Qc7 19. Qd2 c4 20. bxc4 Qxc4 21. Bb3 Qc7 22. c4 Nc5 23. Rac1 Qd7 24. Bc2 bxc4 25. Bb1 a5 26. Ne3 h6 27. Bh4 Ba6 28. Nxc4 Bxc4 29. Rxc4 Reb8 30. Nh2 Rb5 31. Ng4 Kh7 32. f3 Qb7 33. Bc2 Rb4 34. Rxb4 axb4 35. Rb1 Rxa2 36. Qd1 Nf4 37. Bf2 Qb5 38. Bb3 Ne2+ 39. Kh2 Nc3 40. Qg1 Nxb3 41. Rxb3 Qc4 0-1

[Event "Ambelokipi op 142nd"]
[Site "Athens"]
[Date "2014.03.26"]
[Round "4"]
[White "Karaoulanis, Dimitrios"]
[Black "Papadakis, Michalis"]
[Result "0-1"]
[WhiteElo "1949"]
[BlackElo "2217"]
[PlyCount "98"]
[EventDate "2014.03.05"]
[EventType "swiss"]
[EventRounds "7"]
[EventCountry "GRE"]
[SourceTitle "EXT 2016"]
[Source "ChessBase"]
[SourceDate "2015.10.08"]
[SourceVersion "1"]
[SourceVersionDate "2015.10.08"]
[SourceQuality "1"]

1. e4 c5 2. Nf3 d6 3. c3 Nf6 4. Bd3 Bg4 5. h3 Bh5 6. 0-0 e6 7. Bc2 Be7 8. d4 cxd4 9. cxd4 d5 10. e5 Ne4 11. Qe2 Nc6 12. Rd1 Bg6 13. Nc3 Nxc3 14. bxc3 Bxc2 15. Qxc2 0-0 16. Rb1 Na5 17. Rd3 Rc8 18. Qe2 Rc6 19. Nh2 Qe8 20. Qg4 f5 21. exf6 Rxf6 22. Bd2 Nc4 23. Qe2 Bd6 24. Ng4 Rg6 25. f4 Ra6 26. Ne5 Bxe5 27. fxe5 Rxa2 28. Rf1 Rxd2 29. Rxd2 Nxd2 30. Qxd2 h6 31. Rf3 Rg5 32. g4 Qd8 33. Qf4 Qe7 34. h4 Rg6 35. Qg3 a5 36. Kh2 b5 37. Kh3 b4 38. Qe1 b3 39. Qb1 a4 40. Qxg6 a3 41. Qb1 Qb7 42. h5 b2 43. Rf1 Qb5 44. Rf3 a2 45. Qg6 b1Q 46. Qxe6+ Kh7 47. g5 Qh1+ 48. Kg4 Qg1+ 49. Rg3 Qe2+ 0-1

[Event "Isthmia op 1st"]
[Site "Vrachati"]
[Date "2011.08.18"]
[Round "1"]
[White "Shanava, Konstantine"]
[Black "Karaoulanis, Dimitrios"]
[Result "1-0"]
[WhiteElo "2535"]
[BlackElo "1982"]
[PlyCount "73"]
[EventDate "2011.08.18"]
[EventType "swiss"]
[EventRounds "9"]
[EventCountry "GRE"]
[SourceTitle "CBM 144 Extra"]
[Source "ChessBase"]
[SourceDate "2011.10.28"]
[SourceVersion "1"]
[SourceVersionDate "2011.10.28"]
[SourceQuality "1"]

1. e4 c5 2. Nf3 d6 3. d4 cxd4 4. Nxd4 Nf6 5. Nc3 a6 6. Be2 e5 7. Nb3 Be7 8. Bg5 Be6 9. Bxf6 Bxf6 10. Qd3 0-0 11. Rd1 Be7 12. Nd5 Bxd5 13. Qxd5 Qc7 14. c3 Nc6 15. h4 b5 16. a3 Kh8 17. g4 Qb6 18. g5 Rab8 19. Rd3 a5 20. Rg3 b4 21. cxb4 axb4 22. a4 Ra8 23. 0-0 Na5 24. Nxa5 Rxa5 25. Bb5 Ra7 26. Rc1 Rc7 27. Rxc7 Qxc7 28. Bc4 g6 29. Rf3 Qd7 30. a5 Qg4+ 31. Rg3 Qxh4 32. a6 Qf4 33. a7 Qc1+ 34. Kg2 Kg7 35. b3 Qa1 36. Rf3 Bxg5 37. Rxf7+ 1-0

[Event "Athens Smaok 1900+ op 9th"]
[Site "Athens"]
[Date "2011.02.22"]
[Round "6"]
[White "Karaoulanis, Dimitrios"]
[Black "Savoglou, Nikolaos"]
[Result "1/2-1/2"]
[WhiteElo "1933"]
[BlackElo "1942"]
[PlyCount "40"]
[EventDate "2011.01.18"]
[EventType "swiss"]
[EventRounds "7"]
[EventCountry "GRE"]
[SourceTitle "EXT 2024"]
[Source "ChessBase"]
[SourceDate "2023.10.10"]
[SourceVersion "1"]
[SourceVersionDate "2023.10.10"]
[SourceQuality "1"]

1. e4 e6 2. d4 d5 3. Nc3 Nf6 4. e5 Nfd7 5. f4 c5 6. Nf3 Nc6 7. Be3 Be7 8. dxc5 Nxc5 9. Nd4 0-0 10. Qd2 Nxd4 11. Bxd4 Bd7 12. Bd3 Qa5 13. a3 Na4 14. Nxa4 Qxd2+ 15. Kxd2 Bxa4 16. g4 a6 17. Rae1 Bb5 18. Bxb5 axb5 19. f5 Rfc8 20. c3 Bc5 1/2-1/2

[Event "Athens Smaok 1900+ op 9th"]
[Site "Athens"]
[Date "2011.02.08"]
[Round "4.7"]
[White "Paouris, Nikolaos"]
[Black "Karaoulanis, Dimitrios"]
[Result "1/2-1/2"]
[WhiteElo "2018"]
[BlackElo "1933"]
[PlyCount "191"]
[EventDate "2011.01.18"]
[EventType "swiss"]
[EventRounds "7"]
[EventCountry "GRE"]
[SourceTitle "EXT 2024"]
[Source "ChessBase"]
[SourceDate "2023.10.10"]
[SourceVersion "1"]
[SourceVersionDate "2023.10.10"]
[SourceQuality "1"]

1. c4 e6 2. g3 c5 3. Bg2 Nf6 4. Nf3 Nc6 5. Nc3 d5 6. cxd5 exd5 7. d4 Be7 8. 0-0 0-0 9. Be3 c4 10. Ne5 h6 11. b3 Bb4 12. Rc1 Ba3 13. Rc2 Bf5 14. Rd2 Bb4 15. Qc1 Qa5 16. Na4 Bxd2 17. Bxd2 Qc7 18. Qb2 Nxe5 19. dxe5 Ne4 20. Bb4 Rfe8 21. f3 Ng5 22. h4 Ne6 23. g4 Bh7 24. f4 Be4 25. Bxe4 dxe4 26. f5 Nf8 27. Bd6 Qc6 28. Qd2 b5 29. Nc3 e3 30. Qd4 cxb3 31. axb3 Rad8 32. Ne4 f6 33. e6 Nxe6 34. fxe6 Rxe6 35. Rf4 Rdxd6 36. Nxd6 Qxd6 37. Kg2 Qxd4 38. Rxd4 Kf7 39. Rd7+ Re7 40. Rd5 a6 41. Rd6 Re4 42. Kf3 Rb4 43. Rxa6 Rxb3 44. Rb6 b4 45. h5 Rb1 46. Rb7+ Ke6 47. Kxe3 b3 48. Rxg7 Rg1 49. Rb7 Rxg4 50. Kf3 Rh4 51. Kg3 Rxh5 52. Rxb3 Re5 53. Rb6+ Kf5 54. Kf3 h5 55. Rb4 Kg5 56. Ra4 f5 57. Rb4 Ra5 58. Rb3 Ra4 59. Kg3 Re4 60. Kf3 Rf4+ 61. Kg3 h4+ 62. Kg2 Rg4+ 63. Kf2 Rc4 64. Kf3 Rg4 65. Kf2 Rd4 66. Kf3 h3 67. Kg3 Rh4 68. Kh2 Kg4 69. Rb4+ Kg5 70. Rb3 Re4 71. Rg3+ Kf4 72. Rf3+ Ke5 73. e3 Rh4 74. Rf1 Ke4 75. Ra1 Kxe3 76. Ra3+ Kf4 77. Ra4+ Kg5 78. Ra5 Kg4 79. Ra4+ f4 80. Rb4 Rh5 81. Rb3 Ra5 82. Rb2 Ra3 83. Rc2 Kf5 84. Rc5+ Ke4 85. Rc4+ Ke3 86. Rc2 Rd3 87. Kxh3 Rd2 88. Rc3+ Rd3 89. Rc2 Kf3 90. Ra2 Re3 91. Rb2 Re8 92. Rb3+ Ke2 93. Rb2+ Ke3 94. Rb3+ Kf2 95. Kg4 Rf8 96. Rf3+ 1/2-1/2

[Event "Athens Smaok 1900+ op 9th"]
[Site "Athens"]
[Date "2011.01.18"]
[Round "1"]
[White "Karaoulanis, Dimitrios"]
[Black "Papadimitriou, Loukas"]
[Result "1-0"]
[WhiteElo "1933"]
[BlackElo "2144"]
[PlyCount "123"]
[EventDate "2011.01.18"]
[EventType "swiss"]
[EventRounds "7"]
[EventCountry "GRE"]
[SourceTitle "EXT 2024"]
[Source "ChessBase"]
[SourceDate "2023.10.10"]
[SourceVersion "1"]
[SourceVersionDate "2023.10.10"]
[SourceQuality "1"]

1. e4 e5 2. Nf3 Nf6 3. Nxe5 d6 4. Nf3 Nxe4 5. Nc3 Nxc3 6. dxc3 Be7 7. Be3 Nd7 8. Qd2 0-0 9. 0-0-0 Nc5 10. h4 a5 11. h5 h6 12. Be2 a4 13. a3 Ra5 14. Nd4 f5 15. f3 Ne6 16. Kb1 Nxd4 17. Bxd4 f4 18. Bd3 Bf5 19. c4 b6 20. Bc3 Rc5 21. Bd4 Rc6 22. Rhe1 Bh4 23. Re2 Qg5 24. Qb4 Bxd3 25. cxd3 Ra8 26. Qb5 Rc5 27. Bxc5 dxc5 28. Qc6 Rf8 29. Qxc7 Qxh5 30. Qe5 Bg5 31. Qe6+ Kh8 32. Re5 Rb8 33. Qd6 Re8 34. Rde1 Rxe5 35. Qxe5 Qh4 36. Qe8+ Kh7 37. Qe4+ Kh8 38. Qa8+ Kh7 39. Re8 Bf6 40. Qe4+ g6 41. Qe6 h5 42. Qf7+ Kh6 43. Rg8 Qg5 44. Rf8 Be5 45. Qe6 Bg7 46. Re8 Qxg2 47. Qe2 Qg1+ 48. Ka2 Qd4 49. Re4 Qf6 50. Re6 Qd4 51. Rxb6 h4 52. Qe7 Kh5 53. Qe6 Bf6 54. Qxf6 Qxf6 55. Rxf6 g5 56. Rf8 Kg6 57. Rg8+ Kf6 58. b4 axb3+ 59. Kxb3 h3 60. Rh8 g4 61. fxg4 Kg5 62. Rxh3 1-0

[Event "GRE-ch U20"]
[Site "Peristeri"]
[Date "2010.01.04"]
[Round "3"]
[White "Karaoulanis, Dimitrios"]
[Black "Panagiotakos, Nikolaos"]
[Result "0-1"]
[WhiteElo "1925"]
[BlackElo "2188"]
[PlyCount "62"]
[EventDate "2010.01.03"]
[EventType "swiss"]
[EventRounds "9"]
[EventCountry "GRE"]
[SourceTitle "CBM 134 Extra"]
[Source "ChessBase"]
[SourceDate "2010.03.03"]
[SourceVersion "1"]
[SourceVersionDate "2010.03.03"]
[SourceQuality "1"]

1. e4 e5 2. Nf3 Nc6 3. Bb5 a6 4. Ba4 Nf6 5. 0-0 Be7 6. Re1 b5 7. Bb3 0-0 8. c3 d6 9. h3 Na5 10. Bc2 c5 11. d4 Qc7 12. Nbd2 cxd4 13. cxd4 Nc6 14. d5 Nb4 15. Bb1 a5 16. Nf1 Bd7 17. a3 Na6 18. Be3 Nc5 19. Bxc5 Qxc5 20. Bd3 Rac8 21. Qd2 Qb6 22. b4 axb4 23. Qxb4 Nh5 24. Nxe5 Bh4 25. Nxd7 Qxf2+ 26. Kh1 Nf4 27. Ne3 Nxd3 28. Rf1 Nxb4 29. Rxf2 Bxf2 30. Nxf8 Bxe3 31. axb4 Kxf8 0-1

[Event "Foivitika op"]
[Site "Foivitika"]
[Date "2009.11.??"]
[Round "2"]
[White "Alexakis, Dimitrios"]
[Black "Karaoulanis, Dimitrios"]
[Result "0-1"]
[WhiteElo "2209"]
[BlackElo "1916"]
[PlyCount "58"]
[EventDate "2009.11.21"]
[EventType "swiss"]
[EventRounds "7"]
[EventCountry "GRE"]
[SourceTitle "EXT 2024"]
[Source "ChessBase"]
[SourceDate "2023.10.10"]
[SourceVersion "1"]
[SourceVersionDate "2023.10.10"]
[SourceQuality "1"]

1. e4 c5 2. Nf3 d6 3. d4 cxd4 4. Nxd4 Nf6 5. Nc3 a6 6. Bg5 e6 7. f4 Be7 8. Qf3 Qc7 9. 0-0-0 Nbd7 10. Bd3 b5 11. Rhe1 Qb6 12. Bxf6 gxf6 13. Nf5 Bf8 14. e5 Bb7 15. Be4 Bxe4 16. Qxe4 d5 17. Nxd5 exd5 18. Qxd5 0-0-0 19. e6 fxe6 20. Rxe6 Qb7 21. Rc6+ Kb8 22. Nd6 Nb6 23. Qc5 Bxd6 24. Rdxd6 Na4 25. Qd5 Qe7 26. Qd2 Rhe8 27. b3 Nc5 28. Qd4 Nb7 29. Rd5 b4 0-1

[Event "Heraklio op 13th"]
[Site "Heraklion"]
[Date "2009.06.15"]
[Round "3"]
[White "Karaoulanis, Dimitrios"]
[Black "Kakadelis, Stratos"]
[Result "1-0"]
[WhiteElo "1892"]
[BlackElo "2067"]
[PlyCount "59"]
[EventDate "2009.06.13"]
[EventType "swiss"]
[EventRounds "9"]
[EventCountry "GRE"]
[SourceTitle "EXT 2011"]
[Source "ChessBase"]
[SourceDate "2010.11.26"]
[SourceVersion "1"]
[SourceVersionDate "2010.11.26"]
[SourceQuality "1"]
[WhiteTeam "Greece"]
[BlackTeam "Turkey"]
[WhiteTeamCountry "GRE"]
[BlackTeamCountry "TUR"]

1. e4 e5 2. Nf3 Nc6 3. Bb5 a6 4. Ba4 Nf6 5. 0-0 Be7 6. Re1 d6 7. c3 Bd7 8. h3 g5 9. d4 g4 10. dxe5 gxf3 11. exf6 Bxf6 12. Bxc6 Bxc6 13. Qxf3 Qe7 14. Bf4 0-0-0 15. Nd2 Rdg8 16. Nb3 Rg6 17. Na5 Rhg8 18. Nxc6 bxc6 19. g3 Qd7 20. Kh2 h5 21. e5 Be7 22. exd6 cxd6 23. Qe2 Re6 24. Qxa6+ Kb8 25. Rxe6 fxe6 26. Rd1 h4 27. Rd4 hxg3+ 28. fxg3 c5 29. Bxd6+ Bxd6 30. Rxd6 1-0

[Event "Heraklio op 13th"]
[Site "Heraklion"]
[Date "2009.06.13"]
[Round "1"]
[White "Karaoulanis, Dimitrios"]
[Black "Grigoriadis, Alexandros"]
[Result "0-1"]
[WhiteElo "1892"]
[BlackElo "2363"]
[PlyCount "108"]
[EventDate "2009.06.13"]
[EventType "swiss"]
[EventRounds "9"]
[EventCountry "GRE"]
[SourceTitle "EXT 2011"]
[Source "ChessBase"]
[SourceDate "2010.11.26"]
[SourceVersion "1"]
[SourceVersionDate "2010.11.26"]
[SourceQuality "1"]
[WhiteTeam "Greece"]
[BlackTeam "Turkey"]
[WhiteTeamCountry "GRE"]
[BlackTeamCountry "TUR"]

1. e4 c5 2. Nf3 e6 3. d4 cxd4 4. Nxd4 Nf6 5. Nc3 d6 6. g4 Be7 7. g5 Nfd7 8. h4 a6 9. Be3 b5 10. Qd2 Bb7 11. f3 Nc6 12. Rg1 0-0 13. h5 Nde5 14. Be2 Nxd4 15. Bxd4 f5 16. g6 Bh4+ 17. Kd1 h6 18. Be3 Qf6 19. Kc1 b4 20. Nd1 fxe4 21. fxe4 Bxe4 22. Qxb4 d5 23. Rf1 Bf5 24. Qd2 Rac8 25. c3 Nc4 26. Bxc4 Rxc4 27. b3 Rc6 28. Kb2 Rfc8 29. Rc1 Kh8 30. Qd4 Qxd4 31. Bxd4 Bg5 32. Ne3 Bd3 33. Rf7 R6c7 34. Bxg7+ Kg8 35. Rxc7 Rxc7 36. Bd4 e5 37. Nxd5 Rd7 38. Rd1 Be2 39. Re1 Rxd5 40. Rxe2 exd4 41. cxd4 Bf6 42. Re6 Bxd4+ 43. Kc2 a5 44. Re8+ Kg7 45. Re7+ Kf8 46. Rf7+ Kg8 47. Kd3 Ba1+ 48. Kc4 Rxh5 49. a3 Bb2 50. a4 Ba3 51. Rb7 Rg5 52. Kd3 Rxg6 53. Ke4 Bb4 54. Kf5 Rg7 0-1

[Event "GRE-ch U18"]
[Site "Greece"]
[Date "2009.01.06"]
[Round "7"]
[White "Dounis, Alexandros"]
[Black "Karaoulanis, Dimitrios"]
[Result "1/2-1/2"]
[WhiteElo "2158"]
[BlackElo "1886"]
[PlyCount "51"]
[EventDate "2009.01.02"]
[EventType "swiss"]
[EventRounds "9"]
[EventCountry "GRE"]
[SourceTitle "EXT 2011"]
[Source "ChessBase"]
[SourceDate "2010.11.26"]
[SourceVersion "1"]
[SourceVersionDate "2010.11.26"]
[SourceQuality "1"]

1. d4 d5 2. c4 c6 3. cxd5 cxd5 4. Nc3 Nf6 5. Bg5 Nc6 6. e3 e6 7. Bd3 Bd6 8. f4 a6 9. Nf3 Qb6 10. Qe2 Bd7 11. Ne5 Nb4 12. Bxf6 Nxd3+ 13. Qxd3 gxf6 14. Nxd7 Kxd7 15. 0-0 f5 16. Rac1 Bb4 17. Na4 Qa5 18. Nc5+ Bxc5 19. Rxc5 Qxa2 20. Rfc1 Rhc8 21. b4 b6 22. R5c3 Rxc3 23. Qxc3 Qc4 24. Qd2 Qb5 25. Qc3 Qc4 26. Qd2 1/2-1/2

[Event "Aigialias op 1st"]
[Site "Aigialias"]
[Date "2008.08.21"]
[Round "5"]
[White "Karaoulanis, Dimitrios"]
[Black "Skiadopoulos, Nikolaos"]
[Result "1/2-1/2"]
[WhiteElo "1879"]
[BlackElo "2210"]
[PlyCount "50"]
[EventDate "2008.08.18"]
[EventType "swiss"]
[EventRounds "9"]
[EventCountry "GRE"]
[SourceTitle "EXT 2009"]
[Source "ChessBase"]
[SourceDate "2008.11.26"]
[SourceVersion "1"]
[SourceVersionDate "2008.11.26"]
[SourceQuality "1"]

1. e4 c5 2. Nf3 Nc6 3. Bb5 g6 4. 0-0 Bg7 5. c3 Nf6 6. Re1 0-0 7. d4 d5 8. e5 Ne4 9. Bxc6 bxc6 10. Nbd2 cxd4 11. cxd4 c5 12. dxc5 Nxc5 13. Nb3 Ne4 14. Nbd4 Kh8 15. Bf4 f6 16. e6 g5 17. Nc6 Qb6 18. Qxd5 gxf4 19. Qxe4 Bb7 20. Rac1 Rac8 21. Nfd4 f5 22. Qxf4 Bxc6 23. Nxf5 Qxb2 24. Qg4 Bf6 25. Nh6 Bg7 1/2-1/2

[Event "Aigialias op 1st"]
[Site "Aigialias"]
[Date "2008.08.19"]
[Round "3"]
[White "Athanasiou, Georgios"]
[Black "Karaoulanis, Dimitrios"]
[Result "1-0"]
[WhiteElo "1884"]
[BlackElo "1879"]
[PlyCount "59"]
[EventDate "2008.08.18"]
[EventType "swiss"]
[EventRounds "9"]
[EventCountry "GRE"]
[SourceTitle "EXT 2009"]
[Source "ChessBase"]
[SourceDate "2008.11.26"]
[SourceVersion "1"]
[SourceVersionDate "2008.11.26"]
[SourceQuality "1"]

1. e4 c5 2. Nf3 d6 3. d4 cxd4 4. Nxd4 Nf6 5. Nc3 a6 6. Be2 e5 7. Nb3 Be7 8. 0-0 0-0 9. Be3 Be6 10. f3 b5 11. Nd5 Nxd5 12. exd5 Bf5 13. Qd2 Qc7 14. c4 bxc4 15. Rfc1 Rc8 16. Rxc4 Qd8 17. Rxc8 Bxc8 18. Rc1 f5 19. Na5 f4 20. Bf2 Bg5 21. Qc2 Nd7 22. Nc6 Qe8 23. Qf5 Bf6 24. Na7 g6 25. Qe6+ Qxe6 26. dxe6 Nc5 27. Nxc8 Rxc8 28. b4 Rb8 29. bxc5 d5 30. c6 1-0

[Event "Aegean op 31st"]
[Site "Aghios Kirykos"]
[Date "2008.07.18"]
[Round "7"]
[White "Dounis, Alexandros"]
[Black "Karaoulanis, Dimitrios"]
[Result "1/2-1/2"]
[WhiteElo "2162"]
[BlackElo "1879"]
[PlyCount "66"]
[EventDate "2008.07.12"]
[EventType "swiss"]
[EventRounds "9"]
[EventCountry "GRE"]
[SourceTitle "CBM 125 Extra"]
[Source "ChessBase"]
[SourceDate "2008.09.01"]
[SourceVersion "1"]
[SourceVersionDate "2008.09.01"]
[SourceQuality "1"]

1. e4 c5 2. b3 Nc6 3. Bb2 d6 4. Bb5 Bd7 5. f4 a6 6. Bxc6 Bxc6 7. d3 e6 8. Nf3 Nf6 9. 0-0 Be7 10. Nbd2 0-0 11. Qe1 b5 12. Qg3 d5 13. Ne5 Bb7 14. f5 Bd6 15. fxe6 fxe6 16. Qh3 Qe7 17. Ndf3 dxe4 18. Ng5 Bxe5 19. Bxe5 Rae8 20. Rae1 h6 21. Bxf6 Rxf6 22. Nxe4 Rxf1+ 23. Kxf1 Bxe4 24. Rxe4 Qf6+ 25. Ke2 Qc3 26. Kd1 Qa1+ 27. Kd2 Qxa2 28. Rxe6 Qa5+ 29. Kd1 Rf8 30. Re1 Rf2 31. Qe6+ Kh7 32. Qe4+ Kg8 33. Qe6+ Kh7 1/2-1/2

[Event "Nikaia Fysiolatriko op 06th"]
[Site "Nikaia"]
[Date "2008.06.23"]
[Round "4"]
[White "Balaskas, Panayotis"]
[Black "Karaoulanis, Dimitrios"]
[Result "1-0"]
[WhiteElo "2124"]
[BlackElo "1879"]
[PlyCount "31"]
[EventDate "2008.06.21"]
[EventType "swiss"]
[EventRounds "7"]
[EventCountry "GRE"]
[SourceTitle "EXT 2010"]
[Source "ChessBase"]
[SourceDate "2010.11.25"]
[SourceVersion "1"]
[SourceVersionDate "2010.11.25"]
[SourceQuality "1"]

1. e4 c5 2. Nf3 d6 3. d4 cxd4 4. Nxd4 Nf6 5. Nc3 a6 6. f4 e5 7. Nf3 exf4 8. Bxf4 Be7 9. Qd2 b5 10. a4 b4 11. Nd5 a5 12. 0-0-0 Nxe4 13. Qd4 Nf6 14. Bb5+ Bd7 15. Nxe7 Bxb5 16. Rhe1 1-0

[Event "Nikaia Fysiolatriko op 05th"]
[Site "Nikaia"]
[Date "2007.06.21"]
[Round "5"]
[White "Petraki, Maria"]
[Black "Karaoulanis, Dimitrios"]
[Result "1-0"]
[WhiteElo "2076"]
[BlackElo "1844"]
[PlyCount "67"]
[EventDate "2007.06.17"]
[EventType "swiss"]
[EventRounds "7"]
[EventCountry "GRE"]
[SourceTitle "EXT 2008"]
[Source "ChessBase"]
[SourceDate "2007.11.25"]
[SourceVersion "1"]
[SourceVersionDate "2007.11.25"]
[SourceQuality "1"]

1. e4 c5 2. Nc3 Nc6 3. Bb5 Nd4 4. Bc4 e6 5. Nge2 Nf6 6. 0-0 a6 7. d3 b5 8. Bb3 Nxb3 9. axb3 Bb7 10. Bg5 Be7 11. Qd2 0-0 12. Ng3 d6 13. Rae1 Nd7 14. Bxe7 Qxe7 15. f4 Rac8 16. Qe2 g6 17. Qf2 h5 18. f5 h4 19. Nge2 exf5 20. exf5 Qg5 21. Ne4 Bxe4 22. dxe4 b4 23. Nf4 Nf6 24. fxg6 Ng4 25. Qd2 fxg6 26. h3 Ne5 27. Re2 Qe7 28. Ref2 Rce8 29. Nd5 Qg7 30. Nf6+ Kh8 31. Nxe8 Rxe8 32. Qxd6 c4 33. bxc4 Nxc4 34. Qc6 1-0

[Event "Nikaia op 14th"]
[Site "Nikaia"]
[Date "2006.08.??"]
[Round "4"]
[White "Abatzidis, Stelios"]
[Black "Karaoulanis, Dimitrios"]
[Result "0-1"]
[WhiteElo "2056"]
[BlackElo "1800"]
[PlyCount "100"]
[EventDate "2006.08.??"]
[EventType "swiss"]
[EventRounds "9"]
[EventCountry "GRE"]
[SourceTitle "EXT 2008"]
[Source "ChessBase"]
[SourceDate "2007.11.25"]
[SourceVersion "1"]
[SourceVersionDate "2007.11.25"]
[SourceQuality "1"]

1. e4 c5 2. Nf3 d6 3. d4 cxd4 4. Nxd4 Nf6 5. Nc3 a6 6. Be2 e5 7. Nb3 Be7 8. Be3 Be6 9. f3 0-0 10. Qd2 Nbd7 11. 0-0-0 Qc7 12. g4 Rfc8 13. Kb1 b5 14. Bd3 Nc5 15. h4 Nxd3 16. Qxd3 Bc4 17. Qd2 a5 18. h5 a4 19. Nc1 b4 20. N3e2 b3 21. cxb3 axb3 22. a3 Bxe2 23. Nxe2 Qc2+ 24. Qxc2 bxc2+ 25. Ka2 cxd1Q 26. Rxd1 Rc2 27. Ng3 Rb8 28. Bc1 g6 29. hxg6 hxg6 30. Nf1 Rc6 31. Ne3 Bd8 32. b4 Bb6 33. Bd2 Bxe3 34. Bxe3 Kf8 35. Kb3 Ke7 36. a4 Nd7 37. b5 Rc7 38. Kb4 Rc2 39. Rb1 Nc5 40. Bxc5 dxc5+ 41. Kb3 Rf2 42. Kc4 Rxf3 43. a5 Ra3 44. a6 Rxa6 45. Kxc5 Ra5 46. Kc6 Kf6 47. b6 Ra6 48. Kc7 Raxb6 49. Rxb6+ Rxb6 50. Kxb6 Kg5 0-1

[Event "Attica-ch U16"]
[Site "Athens"]
[Date "2006.??.??"]
[Round "9.10"]
[White "Papadopoulos, Nikolaos"]
[Black "Karaoulanis, Dimitrios"]
[Result "1/2-1/2"]
[WhiteElo "2124"]
[BlackElo "1792"]
[PlyCount "114"]
[EventDate "2006.12.27"]
[EventType "swiss"]
[EventRounds "9"]
[EventCountry "GRE"]
[SourceTitle "EXT 2024"]
[Source "ChessBase"]
[SourceDate "2023.10.10"]
[SourceVersion "1"]
[SourceVersionDate "2023.10.10"]
[SourceQuality "1"]

1. e4 c5 2. Nf3 d6 3. Nc3 Nf6 4. d4 cxd4 5. Nxd4 a6 6. Be2 e5 7. Nb3 Be7 8. 0-0 0-0 9. a4 Be6 10. f4 exf4 11. Bxf4 Nc6 12. Nd5 Nxe4 13. Nxe7+ Nxe7 14. Bf3 Qb6+ 15. Qd4 Qxd4+ 16. Nxd4 d5 17. Nxe6 fxe6 18. Bxe4 dxe4 19. Rae1 Nd5 20. Rxe4 Rxf4 21. Rexf4 Nxf4 22. Rxf4 Rc8 23. c3 Rd8 24. Rb4 Rd7 25. Kf2 Kf7 26. Ke3 Kf6 27. Rb6 Ke5 28. c4 Rc7 29. b3 Rd7 30. a5 Rc7 31. Kd3 Rd7+ 32. Kc3 h5 33. b4 Kf5 34. c5 e5 35. c6 Rc7 36. Rxb7 Rxc6+ 37. Kd3 Rd6+ 38. Kc4 g5 39. Kc5 Re6 40. Rb6 Re7 41. Kd6 Ra7 42. Rb8 e4 43. Rf8+ Kg4 44. Re8 Kf5 45. Kc6 Rf7 46. b5 axb5 47. Kxb5 Rb7+ 48. Kc6 Rb2 49. a6 Ra2 50. Kb7 Rb2+ 51. Ka8 Kf4 52. a7 e3 53. Rb8 Rxg2 54. Kb7 Ra2 55. a8Q Rxa8 56. Rxa8 e2 57. Re8 Kf3 1/2-1/2

[Event "Foivitika op"]
[Site "Foivitika"]
[Date "2005.??.??"]
[Round "2"]
[White "Avagianos, Simeon"]
[Black "Karaoulanis, Dimitrios"]
[Result "1-0"]
[WhiteElo "2105"]
[BlackElo "1845"]
[PlyCount "93"]
[EventDate "2005.??.??"]
[EventType "swiss"]
[EventRounds "7"]
[EventCountry "GRE"]
[SourceTitle "EXT 2007"]
[Source "ChessBase"]
[SourceDate "2006.11.23"]
[SourceVersion "1"]
[SourceVersionDate "2006.11.23"]
[SourceQuality "1"]

1. d4 d5 2. c4 Nc6 3. cxd5 Qxd5 4. e3 e5 5. Nc3 Bb4 6. Bd2 Bxc3 7. bxc3 Qd6 8. Bc4 Be6 9. Bxe6 Qxe6 10. Qb3 Qxb3 11. axb3 0-0-0 12. Nf3 exd4 13. exd4 h6 14. Ke2 a6 15. Kd3 Nf6 16. Rhe1 Rhe8 17. Rxe8 Rxe8 18. Re1 Kd7 19. Rxe8 Nxe8 20. c4 Nd6 21. d5 Na7 22. Bc3 g6 23. g4 c6 24. Bd4 Ndc8 25. Ne5+ Ke8 26. Bxa7 Nxa7 27. dxc6 Nxc6 28. Nxc6 bxc6 29. Kd4 Kd7 30. Kc5 Kc7 31. f4 a5 32. f5 h5 33. gxh5 gxh5 34. f6 h4 35. h3 Kd7 36. Kb6 Kd6 37. Kxa5 Ke6 38. Kb6 Kxf6 39. Kxc6 Ke6 40. Kc5 Ke5 41. b4 f5 42. b5 f4 43. b6 f3 44. b7 f2 45. b8Q+ Ke4 46. Qb1+ Kf3 47. Qf1 1-0